Central Library OPAC University of Rajshahi

The advancement of learning and New Atlantis / (Record no. 22801)

MARC details
000 -LEADER
fixed length control field 00871cam a2200277u 4500
001 - CONTROL NUMBER
control field 22801
003 - CONTROL NUMBER IDENTIFIER
rucl marc code BD-RjUL
005 - DATE AND TIME OF LATEST TRANSACTION
control field 20211209000844.0
008 - FIXED-LENGTH DATA ELEMENTS--GENERAL INFORMATION
fixed length control field 140309r19511938enk 000 0 eng d
035 ## - SYSTEM CONTROL NUMBER
System control number (BD-RjUL)22866
040 ## - CATALOGING SOURCE
Original cataloging agency DLC
Transcribing agency CarP
Modifying agency DLC
-- BD-RjUL
Language of cataloging eng
041 ## - LANGUAGE CODE
Language code of text/sound track or separate title eng
082 04 - DEWEY DECIMAL CLASSIFICATION NUMBER
Classification number 824.3
Author mark and year BAA 1951
100 1# - MAIN ENTRY--PERSONAL NAME
Personal name Bacon, Francis,
Dates associated with a name 1561-1626.
9 (RLIN) 70320
245 14 - TITLE STATEMENT
Title The advancement of learning and New Atlantis /
Statement of responsibility, etc. Francis Bacon,
260 ## - PUBLICATION, DISTRIBUTION, ETC. (IMPRINT)
Place of publication, distribution, etc. London :
Name of publisher, distributor, etc. Oxford university press, H. Milford,
Date of publication, distribution, etc. 1938 [Reprinted 1951]
300 ## - PHYSICAL DESCRIPTION
Pagination 298p. ;
Size 17cm.
650 #0 - SUBJECT ADDED ENTRY--TOPICAL TERM
Topical term or geographic name as entry element Science
General subdivision Methodology
Form subdivision Early works to 1800.
9 (RLIN) 70321
Topical term or geographic name as entry element Logic
Form subdivision Early works to 1800.
9 (RLIN) 70322
Topical term or geographic name as entry element Utopias
Form subdivision Early works to 1800.
9 (RLIN) 62155
942 ## - ADDED ENTRY ELEMENTS (KOHA)
Source of classification or shelving scheme Dewey Decimal Classification
Koha item type Books
Holdings
Lost status Source of classification or shelving scheme Damaged status Not for loan Collection code Permanent Location Current Location Shelving location Date acquired Source of acquisition Cost, normal purchase price Total Checkouts Full call number Date last seen Copy number Koha item type
  Dewey Decimal Classification     Non-fiction Central Library, University of Rajshahi Central Library, University of Rajshahi   22/07/1955 M.A.P Dhaka 3.12   824.3 BAA 1951 09/03/2014 C-2 Books
  Dewey Decimal Classification   Added to bundle Non-fiction Central Library, University of Rajshahi Central Library, University of Rajshahi Reading Room 22/07/1955 M.A.P Dhaka 3.12   824.3 BAA 1951 09/03/2014 C-1 Books